Регионална библиотека "Любен Каравелов" - Русе

Идеи за произхода на човека (Запис номер 56421)

MARC детайли
000 -Лидер
Контролно поле с фиксирана дължина 01405nam a2200337 c 4500
003 - Код на организацията, давaща контролен номер
Контролно поле BLK
005 - Дата и час на последна редакция
Контролно поле 20180420222605.0
008 - Елементи от данни с фиксирана дължина
fixed length control field 180408b bul|||||r ||||||| ||bul||
010 ## - Наследен системен номер
LC control number KNG00060402000
040 ## - Източник на каталожния запис
Идентификатор на билиотеката - собственик на записа BLK
041 ## - Код за език
Код за езика на текст/звукозапис или на отделно заглавие Български
Код за езика КДБФ Български
080 ## - УДК
Текстов определител УДК Онтологически материализъм
УДК код - определител по УДК 141.12
УДК определител
УДК - код + определител 141.12
080 ## - УДК
Текстов определител УДК Антропогенезис. Произход на човека. Вж и 575.8
УДК код - определител по УДК 572.1/.4
УДК определител
УДК - код + определител 572.1/.4
100 1# - Редна дума - Автор
Автор Василев, Николай Кирилов
Авторска отговорност първи автор
R(LIN) 257087
139 ## - Редно поле
Редна дума Василев, Николай Кирилов
Авторски знак Васи - В 24
245 10 - Сведения за заглавието
Заглавие Идеи за произхода на човека
Подзаглавни данни Изследване
Редно поле (дума) Николай Кирилов Василев.
257 ## - Страна на издаване
Страна на създаване/издаване България
260 ## - Област на издателските данни
-- София
Име на издателя, разпространителя и проч. Унив. изд. Св. Климент Охридски
Година на издаване 1990
Печатница В. Търново : Д. Найденов
300 ## - Физическа характеристика
Страници 279 с.
Размери/Мащаб 25 см
380 ## - Жанр
Жанр Философия
500 ## - Общи забележки
Забележка Библиогр. с. 260-627. - Именен показалец.
650 #4 - Допълнително описание по предмет – тема
Основно описание – тема или топоним Човек - произход и еволюция
9 (RLIN) 251506
650 #4 - Допълнително описание по предмет – тема
Основно описание – тема или топоним Човек - философски проблеми
9 (RLIN) 243384
653 ## - Ключова дума – ненормативна
Ключова дума човек
653 ## - Ключова дума – ненормативна
Ключова дума еволюция
852 ## - Местоположение
Форматна сигнатура Цб 164061
856 4# - Електронен адрес и достъп
Електронен формат pdf - файл
Път до файла /url/
856 4# - Електронен адрес и достъп
Електронен формат pdf - файл
Път до файла /url/
942 ## - АРТИКУЛИ
Вид на библиотечния материал Книги
Скрит в OPAC Не
944 ## - СЪЗДАВАНЕ И РЕДАКЦИЯ на ЗАПИСА
Създаване/Редакция Създаване
Дата на регистрацията/редакция 13.06.2004
Служител, извършил регистрацията/редакцията Диана_Димитрова
944 ## - СЪЗДАВАНЕ И РЕДАКЦИЯ на ЗАПИСА
Създаване/Редакция Редакция
Дата на регистрацията/редакция 26.09.2017
Служител, извършил регистрацията/редакцията Севдалина_Василева
999 ## - СИСТЕМНИ КОНТРОЛНИ НОМЕРА
Koha biblionumber 56421
Koha biblioitemnumber 56421
Наличности
Код за отписване Код за изгубен артикул Източник на класификационната схема Код за повреда Коз за рестрикции Код за отдаване Артикулен № Име на библиотеката - собственик Име на библиотеката, в която се намира в момента Статус (Текущо местоположение) Дата на вписване в системата Местоположение - отдел Цена в лева Инвентарен номер Систематично азбучна сигнатура Баркод Номер на екземпляра Цена в евро Служебна бележка Служебен тип на артикула Бележка за публиката
  Не е изгубен Universal Decimal Classification Не е повреден без рестрикции ползва се в читалня 89479 Регионална библиотека "Любен Каравелов" Русе Регионална библиотека "Любен Каравелов" Русе Читалня 1993-01-01 Читалня 3.63 559889 Ч 14/В 24 120000559889 1 1.86 Дост: Pk Вид: Ф N: стар фонд Дата: 01.01.1990 Дата инв: 21.03.2017 Бележки инв: Ч2017 Книги  
  Не е изгубен Universal Decimal Classification Не е повреден без рестрикции ползва се в читалня 89480 Регионална библиотека "Любен Каравелов" Русе Регионална библиотека "Любен Каравелов" Русе Хранилище 1990-01-01 Хранилище 3.63 538054 Цб 164061 120000538054 2 1.86 Дост: Dp Вид: Д N: стар фонд Дата: 01.01.1990 Книги  
Изтеглен Не е изгубен   Не е повреден без рестрикции заемане за дома 89481 Регионална библиотека "Любен Каравелов" Русе Регионална библиотека "Любен Каравелов" Русе Заемна - подръчен фонд 1990-01-01 Заемна - подръчен фонд 3.63 559887 П 141.12/В 24 559887 3 1.86 Дост: Pk Вид: Ф N: стар фонд Дата: 01.01.1990 Дата инв: 01.02.2018 Бележки инв: П2018 Книги  
Изтеглен Не е изгубен   Не е повреден без рестрикции заемане за дома 89482 Регионална библиотека "Любен Каравелов" Русе Регионална библиотека "Любен Каравелов" Русе   1990-01-01 Детски отдел 3.63 559890 ДН 1/В 24 559890 4 1.86 Дост: Pk Вид: Ф N: стар фонд Дата: 01.01.1990 Дата инв: 01.10.2015 Бележки инв: Д2015 Книги Отч.N: 39/2017 , Дата: 07.09.2017
Vip Innovations Ltd, Rousse, Bulgaria 2025